Top XIs: Borussia Dortmund (1980-2023) - Statistics

General Stats
  • This quiz has been taken 730 times
    668 since last reset
  • The average score is 179 of 450
Answer Stats
Hint Position Answer % Correct
2009/2010 DF Mats Hummels
98%
2010/2011 DF Mats Hummels
98%
2011/2012 DF Mats Hummels
98%
2012/2013 DF Mats Hummels
98%
2013/2014 DF Mats Hummels
98%
2015/2016 DF Mats Hummels
98%
2019/2020 DF Mats Hummels
98%
2020/2021 DF Mats Hummels
98%
2022/2023 DF Mats Hummels
98%
2012/2013 MF Marco Reus
96%
2013/2014 MF Marco Reus
96%
2014/2015 MF Marco Reus
96%
2015/2016 MF Marco Reus
96%
2018/2019 ST Marco Reus
96%
2019/2020 MF Marco Reus
96%
2020/2021 ST Marco Reus
96%
2021/2022 MF Marco Reus
96%
2022/2023 MF Marco Reus
96%
2011/2012 ST Robert Lewandowski
95%
2012/2013 ST Robert Lewandowski
95%
2013/2014 ST Robert Lewandowski
95%
2019/2020 ST Erling Håland
89%
2020/2021 ST Erling Håland
89%
2021/2022 ST Erling Håland
89%
2010/2011 MF Mario Götze
88%
2012/2013 MF Mario Götze
88%
2017/2018 MF Mario Götze
88%
2017/18 UCL MF Mario Götze
88%
2013/2014 ST P.-E. Aubameyang
88%
2014/2015 ST P.-E. Aubameyang
88%
2015/2016 ST P.-E. Aubameyang
88%
2016/2017 ST P.-E. Aubameyang
88%
2017/18 UCL ST P.-E. Aubameyang
88%
2018/2019 MF Jadon Sancho
87%
2019/2020 MF Jadon Sancho
87%
2020/2021 MF Jadon Sancho
87%
2020/2021 MF Jude Bellingham
87%
2021/2022 MF Jude Bellingham
87%
2022/2023 MF Jude Bellingham
87%
2022/2023 UCL MF Jude Bellingham
87%
2022/2023 UCL DF Niklas Süle
80%
2011/2012 MF İlkay Gündoğan
78%
2012/2013 MF İlkay Gündoğan
78%
2014/2015 MF İlkay Gündoğan
78%
2009/2010 DF Marcel Schmelzer
76%
2010/2011 DF Marcel Schmelzer
76%
2011/2012 DF Marcel Schmelzer
76%
2012/2013 DF Marcel Schmelzer
76%
2014/2015 DF Marcel Schmelzer
76%
2015/2016 DF Marcel Schmelzer
76%
2016/2017 DF Marcel Schmelzer
76%
2017/2018 DF Marcel Schmelzer
76%
2020/2021 MF Emre Can
75%
2021/2022 DF Emre Can
75%
2022/2023 UCL MF Emre Can
75%
2010/2011 DF Łukasz Piszczek
75%
2011/2012 DF Łukasz Piszczek
75%
2012/2013 DF Łukasz Piszczek
75%
2017/2018 DF Łukasz Piszczek
75%
2019/2020 MF Julian Brandt
72%
2021/2022 MF Julian Brandt
72%
2022/2023 MF Julian Brandt
72%
2008/2009 DF Neven Subotić
72%
2009/2010 DF Neven Subotić
72%
2010/2011 DF Neven Subotić
72%
2011/2012 DF Neven Subotić
72%
2012/2013 DF Neven Subotić
72%
2014/2015 DF Neven Subotić
72%
2010/2011 MF Shinji Kagawa
71%
2011/2012 MF Shinji Kagawa
71%
2014/2015 MF Shinji Kagawa
71%
2015/2016 MF Shinji Kagawa
71%
2016/2017 MF Shinji Kagawa
71%
2017/18 UCL MF Shinji Kagawa
71%
2017/18 UCL DF Raphaël Guerreiro
70%
2019/2020 DF Raphaël Guerreiro
70%
2020/2021 DF Raphaël Guerreiro
70%
2021/2022 DF Raphaël Guerreiro
70%
2022/2023 DF Raphaël Guerreiro
70%
2022/2023 UCL DF Raphaël Guerreiro
70%
2022/2023 DF Nico Schlotterbeck
68%
2022/2023 UCL DF Nico Schlotterbeck
68%
2007/2008 MF Kuba Błaszczykowski
67%
2008/2009 MF Kuba Błaszczykowski
67%
2009/2010 MF Kuba Błaszczykowski
67%
2012/2013 MF Kuba Błaszczykowski
67%
1993/1994 DF Matthias Sammer
67%
1994/1995 DF Matthias Sammer
67%
1995/1996 DF Matthias Sammer
67%
2010/2011 MF Sven Bender
67%
2011/2012 MF Sven Bender
67%
2013/2014 MF Sven Bender
67%
2022/2023 UCL ST Karim Adeyemi
64%
2021/2022 ST Donyell Malen
64%
2005/2006 MF Nuri Şahin
63%
2009/2010 MF Nuri Şahin
63%
2010/2011 MF Nuri Şahin
63%
2013/2014 MF Nuri Şahin
63%
2018/2019 DF Manuel Akanji
62%
2019/2020 DF Manuel Akanji
62%
2020/2021 DF Manuel Akanji
62%
2021/2022 DF Manuel Akanji
62%
2016/2017 MF Christian Pulisic
61%
2017/2018 MF Christian Pulisic
61%
2017/18 UCL MF Christian Pulisic
61%
2018/2019 MF Christian Pulisic
61%
2016/2017 MF Ousmane Dembélé
60%
1995/1996 MF Lars Ricken
59%
1998/1999 MF Lars Ricken
59%
1999/2000 MF Lars Ricken
59%
2000/2001 MF Lars Ricken
59%
2001/2002 MF Lars Ricken
59%
2018/2019 ST Paco Alcácer
59%
1995/1996 DF Jürgen Kohler
58%
1996/1997 DF Jürgen Kohler
58%
1997/1998 DF Jürgen Kohler
58%
1998/1999 DF Jürgen Kohler
58%
1999/2000 DF Jürgen Kohler
58%
2000/2001 DF Jürgen Kohler
58%
2009/2010 MF Kevin Großkreutz
58%
2010/2011 MF Kevin Großkreutz
58%
2011/2012 MF Kevin Großkreutz
58%
2012/2013 MF Kevin Großkreutz
58%
2013/2014 DF Kevin Großkreutz
58%
2018/2019 MF Axel Witsel
57%
2019/2020 MF Axel Witsel
57%
2021/2022 MF Axel Witsel
57%
2002/2003 MF Sebastian Kehl
57%
2003/2004 MF Sebastian Kehl
57%
2004/2005 MF Sebastian Kehl
57%
2005/2006 MF Sebastian Kehl
57%
2008/2009 MF Sebastian Kehl
57%
2020/2021 DF Thomas Meunier
57%
2021/2022 DF Thomas Meunier
57%
2022/2023 DF Thomas Meunier
57%
2022/2023 UCL DF Thomas Meunier
57%
2013/2014 MF Henrikh Mkhitaryan
55%
2014/2015 MF Henrikh Mkhitaryan
55%
2015/2016 MF Henrikh Mkhitaryan
55%
2020/2021 MF Giovanni Reyna
53%
2022/2023 UCL MF Giovanni Reyna
53%
2019/2020 MF Thorgan Hazard
53%
2014/2015 ST Ciro Immobile
52%
2009/2010 ST Lucas Barrios
52%
2010/2011 ST Lucas Barrios
52%
2022/2023 ST Youssoufa Moukoko
51%
2001/2002 ST Jan Koller
51%
2002/2003 ST Jan Koller
51%
2003/2004 ST Jan Koller
51%
2004/2005 ST Jan Koller
51%
2013/2014 DF Sokratis
51%
2014/2015 DF Sokratis
51%
2015/2016 DF Sokratis
51%
2016/2017 DF Sokratis
51%
2017/2018 DF Sokratis
51%
2017/18 UCL DF Sokratis
51%
2018/2019 DF Achraf Hakimi
50%
2019/2020 DF Achraf Hakimi
50%
2001/2002 MF Tomáš Rosický
49%
2002/2003 MF Tomáš Rosický
49%
2003/2004 MF Tomáš Rosický
49%
2004/2005 MF Tomáš Rosický
49%
2005/2006 MF Tomáš Rosický
49%
2015/2016 MF Julian Weigl
47%
2016/2017 MF Julian Weigl
47%
2017/2018 MF Julian Weigl
47%
2017/18 UCL MF Julian Weigl
47%
2022/2023 ST Anthony Modeste
45%
2022/2023 UCL ST Anthony Modeste
45%
1998/1999 DF Dedé
45%
1999/2000 DF Dedé
45%
2000/2001 DF Dedé
45%
2001/2002 DF Dedé
45%
2002/2003 DF Dedé
45%
2003/2004 DF Dedé
45%
2004/2005 DF Dedé
45%
2005/2006 DF Dedé
45%
2006/2007 DF Dedé
45%
2007/2008 DF Dedé
45%
2017/2018 MF Mahmoud Dahoud
45%
2015/2016 DF Matthias Ginter
45%
2016/2017 DF Matthias Ginter
45%
1983/1984 MF Michael Zorc
44%
1984/1985 MF Michael Zorc
44%
1985/1986 MF Michael Zorc
44%
1986/1987 MF Michael Zorc
44%
1987/1988 MF Michael Zorc
44%
1988/1989 MF Michael Zorc
44%
1989/1990 MF Michael Zorc
44%
1990/1991 MF Michael Zorc
44%
1992/1993 MF Michael Zorc
44%
1993/1994 MF Michael Zorc
44%
1994/1995 MF Michael Zorc
44%
1995/1996 MF Michael Zorc
44%
1996/1997 MF Michael Zorc
44%
2022/2023 MF Salih Özcan
44%
2022/2023 UCL MF Salih Özcan
44%
1991/1992 ST Stéphane Chapuisat
44%
1992/1993 ST Stéphane Chapuisat
44%
1993/1994 ST Stéphane Chapuisat
44%
1994/1995 ST Stéphane Chapuisat
44%
1996/1997 ST Stéphane Chapuisat
44%
1997/1998 ST Stéphane Chapuisat
44%
1988/1989 MF Andreas Möller
43%
1989/1990 MF Andreas Möller
43%
1994/1995 MF Andreas Möller
43%
1995/1996 MF Andreas Möller
43%
1996/1997 MF Andreas Möller
43%
1997/1998 MF Andreas Möller
43%
1998/1999 MF Andreas Möller
43%
2016/2017 DF Marc Bartra
42%
2017/18 UCL DF Marc Bartra
42%
2001/2002 ST Márcio Amoroso
41%
1993/1994 ST Karl-Heinz Riedle
40%
1994/1995 ST Karl-Heinz Riedle
40%
1989/1990 DF Michael Schulz
40%
1990/1991 DF Michael Schulz
40%
1991/1992 MF Michael Schulz
40%
1992/1993 MF Michael Schulz
40%
1993/1994 MF Michael Schulz
40%
2018/2019 DF Dan-Axel Zagadou
39%
2018/2019 MF Thomas Delaney
39%
2018/2019 DF Abdou Diallo
38%
2017/2018 MF André Schürrle
38%
2001/2002 DF Christoph Metzelder
38%
2002/2003 DF Christoph Metzelder
38%
2004/2005 DF Christoph Metzelder
38%
2005/2006 DF Christoph Metzelder
38%
2015/2016 MF Gonzalo Castro
36%
2016/2017 MF Gonzalo Castro
36%
2017/2018 DF Ömer Toprak
36%
2013/2014 DF Erik Durm
34%
2014/2015 DF Erik Durm
34%
2008/2009 DF Felipe Santana
34%
1992/1993 DF Stefan Reuter
33%
1993/1994 DF Stefan Reuter
33%
1994/1995 DF Stefan Reuter
33%
1995/1996 DF Stefan Reuter
33%
1996/1997 DF Stefan Reuter
33%
1997/1998 DF Stefan Reuter
33%
1998/1999 MF Stefan Reuter
33%
1999/2000 MF Stefan Reuter
33%
2001/2002 MF Stefan Reuter
33%
2002/2003 MF Stefan Reuter
33%
2003/2004 MF Stefan Reuter
33%
2002/2003 MF Torsten Frings
33%
2003/2004 MF Torsten Frings
33%
1999/2000 DF Christian Wörns
32%
2001/2002 DF Christian Wörns
32%
2002/2003 DF Christian Wörns
32%
2003/2004 DF Christian Wörns
32%
2004/2005 DF Christian Wörns
32%
2005/2006 DF Christian Wörns
32%
2006/2007 DF Christian Wörns
32%
2007/2008 DF Christian Wörns
32%
2008/2009 DF Patrick Owomoyela
32%
2009/2010 DF Patrick Owomoyela
32%
2006/2007 ST Alexander Frei
31%
2008/2009 ST Alexander Frei
31%
2017/18 UCL MF Andriy Yarmolenko
30%
2011/2012 MF Ivan Perišić
30%
2009/2010 ST Mohamed Zidan
30%
2002/2003 ST Ewerthon
29%
2003/2004 ST Ewerthon
29%
2004/2005 ST Ewerthon
29%
1997/1998 MF Paulo Sousa
29%
1999/2000 DF Evanílson
28%
2000/2001 DF Evanílson
28%
2001/2002 DF Evanílson
28%
2002/2003 DF Evanílson
28%
2017/2018 ST Maximilian Philipp
28%
2007/2008 ST Nelson Valdez
27%
2008/2009 ST Nelson Valdez
27%
2009/2010 ST Nelson Valdez
27%
1995/1996 ST Heiko Herrlich
26%
1996/1997 ST Heiko Herrlich
26%
1997/1998 ST Heiko Herrlich
26%
1980/1981 DF Herbert Hein
25%
1996/1997 MF Paul Lambert
25%
1996/1997 DF Jörg Heinrich
24%
1997/1998 DF Jörg Heinrich
24%
2000/2001 MF Jörg Heinrich
24%
2005/2006 ST Ebi Smolarek
23%
2006/2007 ST Ebi Smolarek
23%
1994/1995 DF Júlio César
23%
1995/1996 DF Júlio César
23%
1988/1989 MF Michael Rummenigge
22%
1989/1990 ST Michael Rummenigge
22%
1990/1991 ST Michael Rummenigge
22%
1991/1992 MF Michael Rummenigge
22%
1992/1993 ST Michael Rummenigge
22%
1999/2000 ST Fredi Bobič
21%
2000/2001 ST Fredi Bobič
21%
2017/18 UCL DF Jeremy Toljan
21%
1986/1987 DF Thomas Helmer
21%
1987/1988 DF Thomas Helmer
21%
1988/1989 DF Thomas Helmer
21%
1989/1990 DF Thomas Helmer
21%
1990/1991 DF Thomas Helmer
21%
1991/1992 DF Thomas Helmer
21%
2005/2006 MF David Odonkor
20%
2004/2005 MF Florian Kringe
20%
2005/2006 MF Florian Kringe
20%
2006/2007 MF Florian Kringe
20%
2007/2008 MF Florian Kringe
20%
2008/2009 MF Florian Kringe
20%
1980/1981 ST Manfred Burgsmüller
20%
1981/1982 ST Manfred Burgsmüller
20%
1982/1983 ST Manfred Burgsmüller
20%
2007/2008 ST Mladen Petrić
20%
2007/2008 DF Robert Kovač
20%
1994/1995 MF Steffen Freund
20%
1995/1996 MF Steffen Freund
20%
1997/1998 MF Steffen Freund
20%
1992/1993 DF Bodo Schmidt
18%
1993/1994 DF Bodo Schmidt
18%
1994/1995 DF Bodo Schmidt
18%
1986/1987 ST Frank Mill
18%
1987/1988 ST Frank Mill
18%
1988/1989 ST Frank Mill
18%
1989/1990 ST Frank Mill
18%
1996/1997 DF Martin Kree
18%
1999/2000 ST Giuseppe Reina
17%
2000/2001 ST Giuseppe Reina
17%
1986/1987 ST Norbert Dickel
17%
1987/1988 ST Norbert Dickel
17%
2000/2001 DF Sunday Oliseh
17%
2001/2002 MF Sunday Oliseh
17%
2006/2007 MF Tinga
17%
2007/2008 MF Tinga
17%
1998/1999 MF Christian Nerlinger
16%
2000/2001 MF Otto Addo
15%
1991/1992 DF Knut Reinhardt
14%
1992/1993 DF Knut Reinhardt
14%
1993/1994 DF Knut Reinhardt
14%
1994/1995 DF Knut Reinhardt
14%
1995/1996 MF Patrik Berger
14%
2005/2006 DF Philipp Degen
14%
2006/2007 DF Philipp Degen
14%
1999/2000 ST Victor Ikpeba
14%
1980/1981 MF Werner Schneider
14%
1990/1991 ST Flemming Povlsen
13%
1991/1992 ST Flemming Povlsen
13%
1985/1986 DF Günter Kutowski
13%
1986/1987 DF Günter Kutowski
13%
1987/1988 DF Günter Kutowski
13%
1988/1989 DF Günter Kutowski
13%
1989/1990 DF Günter Kutowski
13%
1990/1991 DF Günter Kutowski
13%
1991/1992 DF Günter Kutowski
13%
1992/1993 DF Günter Kutowski
13%
2008/2009 DF Lee Young Pyo
13%
2006/2007 MF Marc-André Kruska
13%
1998/1999 ST Sergej Barbarez
13%
2006/2007 MF Steven Pienaar
13%
2008/2009 MF Tamás Hajnal
13%
1996/1997 DF Wolfgang Feiersinger
13%
1997/1998 DF Wolfgang Feiersinger
13%
1998/1999 ST Bachirou Salou
12%
2007/2008 MF Giovanni Federico
12%
1982/1983 MF Marcel Răducanu
12%
1983/1984 MF Marcel Răducanu
12%
1984/1985 MF Marcel Răducanu
12%
1985/1986 MF Marcel Răducanu
12%
1986/1987 MF Marcel Răducanu
12%
1987/1988 MF Marcel Răducanu
12%
1999/2000 MF Miroslav Stević
12%
2000/2001 MF Miroslav Stević
12%
1997/1998 MF Vladimir But
12%
1984/1985 ST Jürgen Wegmann
11%
1985/1986 ST Jürgen Wegmann
11%
1989/1990 ST Jürgen Wegmann
11%
2004/2005 MF Markus Brzenska
11%
2006/2007 DF Markus Brzenska
11%
2007/2008 DF Antonio Rukavina
10%
1980/1981 DF Lothar Huber
10%
1981/1982 DF Lothar Huber
10%
1982/1983 DF Lothar Huber
10%
2003/2004 DF Niclas Jensen
10%
2004/2005 DF Niclas Jensen
10%
2003/2004 DF André Bergdølmo
9%
1990/1991 MF Gerhard Poschner
9%
1992/1993 MF Gerhard Poschner
9%
1993/1994 MF Gerhard Poschner
9%
1981/1982 MF Meinolf Koch
9%
1982/1983 MF Meinolf Koch
9%
1986/1987 MF Michael Lusch
9%
1990/1991 MF Michael Lusch
9%
1991/1992 MF Michael Lusch
9%
1980/1981 MF Mirko Votava
9%
1981/1982 MF Mirko Votava
9%
1987/1988 MF Murdo MacLeod
9%
1988/1989 MF Murdo MacLeod
9%
1989/1990 MF Murdo MacLeod
9%
1991/1992 MF Thomas Franck
9%
1981/1982 MF Erdal Keser
8%
1982/1983 ST Erdal Keser
8%
1983/1984 ST Erdal Keser
8%
1998/1999 DF Karsten Baumann
8%
1991/1992 MF Steffen Karl
8%
1998/1999 DF Alfred Nijhuis
7%
1985/1986 DF Dirk Hupe
7%
1986/1987 DF Dirk Hupe
7%
1987/1988 DF Dirk Hupe
7%
1988/1989 MF Günter Breitzke
7%
1990/1991 MF Günter Breitzke
7%
1980/1981 DF Hans-J. Wagner
7%
1984/1985 MF Ingo Anderbrügge
7%
1992/1993 MF Ned Zelić
7%
1993/1994 MF Ned Zelić
7%
1980/1981 DF Rolf Rüssmann
7%
1981/1982 DF Rolf Rüssmann
7%
1982/1983 DF Rolf Rüssmann
7%
1983/1984 DF Rolf Rüssmann
7%
1984/1985 DF Rolf Rüssmann
7%
1980/1981 MF Rüdiger Abramczik
7%
1981/1982 ST Rüdiger Abramczik
7%
1982/1983 MF Rüdiger Abramczik
7%
1983/1984 DF Bernd Storck
6%
1984/1985 DF Bernd Storck
6%
1985/1986 DF Bernd Storck
6%
1986/1987 MF Bernd Storck
6%
1988/1989 MF Bernd Storck
6%
1981/1982 DF Ralf Loose
6%
1982/1983 DF Ralf Loose
6%
1984/1985 DF Ralf Loose
6%
1985/1986 DF Ralf Loose
6%
1990/1991 DF Sergei Gorlukovich
6%
1988/1989 DF Thomas Kroth
6%
1981/1982 ST Bernd Klotz
5%
1982/1983 ST Bernd Klotz
5%
1983/1984 ST Bernd Klotz
5%
1984/1985 ST Daniel Simmes
5%
1985/1986 MF Frank Pagelsdorf
5%
1986/1987 MF Frank Pagelsdorf
5%
1987/1988 MF Frank Pagelsdorf
5%
1981/1982 DF Jupp Tenhagen
5%
1982/1983 DF Jupp Tenhagen
5%
1983/1984 DF Jupp Tenhagen
5%
1980/1981 ST Peter Geyer
5%
1983/1984 MF Uli Bittcher
5%
1984/1985 MF Uli Bittcher
5%
1985/1986 MF Uli Bittcher
5%
1985/1986 ST Horst Hrubesch
4%
1989/1990 DF Robert Nikolic
4%
1984/1985 DF André Egli
3%
1987/1988 DF Gerhard Kleppinger
3%
1983/1984 DF Harald Konopka
3%
1983/1984 ST Werner Dreßel
3%
1980/1981 MF Atli Eðvaldsson
2%
No matching quizzes found
Score Distribution
Percent of People with Each Score
Percentile by Number Answered
Your Score History
You have not taken this quiz since the last reset